[Event "Tourn. n7981"]
[Site "www.chess-mail.com"]
[Date "2015.07.20"]
[Round "1"]
[White "Nimzo"]
[Black "Seger"]
[WhiteElo "2670"]
[BlackElo "2630"]
[Result "0-1"]
[Round "1"]
1.d4 d5
2.c4 e6
3.Nb1c3 c5
4.cxd5 cxd4
5.Qd1a4 Bc8d7
6.Qa4xd4 exd5
7.Qd4xd5 Nb8c6
8.Ng1f3 Ng8f6
9.Qd5d1 Bd7f5
10.Qd1xd8 Ra8xd8
11.e3 a6
12.Bc1d2 Bf8d6
13.Bf1e2 O-O
14.O-O Nc6e5
15.Nf3d4 Bd6c5
16.Nd4xf5 Rd8xd2
17.Ra1b1 g6
18.Nf5g3 Bc5b4
19.Rf1d1 Rf8d8
20.f4 Ne5c4
21.Be2xc4 Bb4xc3
22.Rd1xd2 Bc3xd2
23.Ng3f1 Bd2a5
24.b4 Ba5c7
25.Kf2 Bc7d6
26.Rb1b3 b5
27.Bc4e2 Bd6e7
28.Be2f3 Nf6e8
29.Ke2 Rd8c8
30.a3 Kf8
31.Kd3 Be7f6
32.Nf1d2 Bf6g7
33.Nd2e4 Ke7
34.Ne4c5 a5
35.Bf3b7 Rc8d8
36.Kc2 a4
37.Rb3d3 Ne8d6
38.Bb7d5 f5
39.g3 Nd6e8
40.h3 Bg7h8
41.g4 Ne8c7
42.Bd5f3 Rd8xd3
43.Nc5xd3 Bh8g7
44.Nd3e1 Ke6
45.gxf5 gxf5
46.Bf3e2 Nc7d5
47.Ne1g2 Nd5c7
48.Be2d3 Bg7f6
49.Kc1 h6
50.Ng2e1 h5
51.Ne1f3 h4
52.Nf3g5 Ke7
53.Bd3xf5 Nc7d5
54.Ng5e4 Bf6g7
55.Ne4c5 Nd5xe3
56.Bf5d3 Ne3d5
57.Bd3xb5 Bg7h6
 { time }
0-1

[Event "Tourn. n8231"]
[Site "www.chess-mail.com"]
[Date "2015.07.20"]
[Round "1"]
[White "Wegaman"]
[Black "Johnmcbride"]
[WhiteElo "1920"]
[BlackElo "1800"]
[Result "1-0"]
[Round "1"]
1.d4 d5
2.c4 dxc4
3.Nb1c3 c6
4.e4 e6
5.Bf1xc4 b5
6.Bc4b3 a5
7.Ng1f3 a4
8.Bb3c2 h6
9.O-O Ng8f6
10.a3 Bc8d7
11.e5 Nf6d5
12.Nc3xd5 exd5
13.Rf1e1 Bd7e6
14.Bc1f4 g5
15.Bf4e3 Bf8e7
16.Ra1c1 Nb8a6
17.Bc2d3 f6
18.exf6 Be7xf6
19.Rc1xc6 Qd8d7
20.Bd3xb5 Qd7b7
21.Rc6xe6 Kf7
22.Re6xf6 Kxf6
23.Bb5xa4 Qb7xb2
24.Be3c1 Qb2c3
25.Re1e5 Ra8c8
26.Re5e1 Rc8c4
27.Qd1e2 Rh8c8
28.Qe2e6 Kg7
29.Qe6e7 Kg6
30.Ba4e8 Rc8xe8
31.Qe7xe8 Kg7
32.Re1e7 Kf6
33.Qe8f7 
1-0

[Event "Tourn. n8129"]
[Site "www.chess-mail.com"]
[Date "2015.07.20"]
[Round "1"]
[White "Szustan"]
[Black "Seger"]
[WhiteElo "2610"]
[BlackElo "2690"]
[Result "1/2-1/2"]
[Round "1"]
1.e4 e6
2.d4 c5
3.Ng1f3 cxd4
4.Nf3xd4 a6
5.Bf1d3 Ng8f6
6.O-O d6
7.c4 g6
8.Nb1c3 Bf8g7
9.Bc1g5 O-O
10.Qd1d2 b6
11.Ra1d1 Qd8c7
12.b3 Bc8b7
13.Nd4e2 Rf8c8
14.f3 Nf6d7
15.f4 b5
16.f5 Nd7c5
17.fxe6 Nc5xe6
18.Bg5h6 Bg7e5
19.Nc3d5 Bb7xd5
20.cxd5 Ne6c5
21.Rd1c1 Qc7d8
22.Bh6g5 f6
23.Bg5e3 Nc5xd3
24.Rc1xc8 Qd8xc8
25.Qd2xd3 Nb8d7
26.h3 Nd7c5
27.Qd3c2 a5
28.Rf1c1 Qc8e8
29.Be3xc5 Ra8c8
{ draw }
1/2-1/2

[Event "Tourn. n8155"]
[Site "www.chess-mail.com"]
[Date "2015.07.20"]
[Round "1"]
[White "Asoka"]
[Black "Numanoid"]
[WhiteElo "2620"]
[BlackElo "2580"]
[Result "1-0"]
[Round "1"]
1.d4 g6
2.e4 d6
3.c4 Bf8g7
4.Nb1c3 Ng8f6
5.Bf1e2 O-O
6.Ng1f3 e5
7.d5 a5
8.O-O Nb8a6
9.Be2d3 Na6c5
10.Bd3c2 Nf6h5
11.Bc1g5 Bg7f6
12.Bg5e3 Nh5f4
13.Kh1 Bf6g7
14.a3 f5
15.Be3xc5 dxc5
16.Qd1d2 Qd8e7
17.Ra1e1 Rf8e8
18.exf5 Bc8xf5
19.Re1e3 Bf5xc2
20.Qd2xc2 g5
21.g3 Nf4g6
22.Qc2f5 { resign }
1-0

[Event "Tourn. n8027"]
[Site "www.chess-mail.com"]
[Date "2015.07.20"]
[Round "1"]
[White "Maredocla"]
[Black "Julian"]
[WhiteElo "2030"]
[BlackElo "1940"]
[Result "1-0"]
[Round "1"]
1.f4 d6
2.Ng1f3 g6
3.e3 Bf8g7
4.d4 c6
5.b3 Qd8c7
6.Bc1b2 Nb8d7
7.Bf1e2 e6
8.O-O Ng8e7
9.Nb1d2 O-O
10.Ra1b1 f6
11.Bb2a3 Ne7d5
12.Qd1c1 Nd5xe3
13.Nd2e4 Ne3xf1
14.Ba3xd6 Qc7b6
15.Bd6xf8 Bg7xf8
16.Be2xf1 c5
17.dxc5 Nd7xc5
18.Qc1e3 Nc5xe4
19.Qe3xb6 axb6
20.a4 Bf8c5
21.Kh1 Bc8d7
22.Bf1c4 Ne4f2
23.Kg1 Kg7
24.Kf1 Nf2e4
25.Rb1e1 Bd7c6
26.Bc4xe6 Ra8e8
27.f5 gxf5
28.Be6xf5 Bc5b4
29.Re1e2 Ne4d6
30.Re2xe8 Nd6xe8
31.Nf3d4 Ne8d6
32.g3 Bb4c3
33.Nd4e2 Bc3e5
34.Bf5d3 b5
35.axb5 Nd6xb5
36.Bd3xb5 Bc6xb5
37.c4 Bb5c6
38.Ke1 Kg6
39.Kd2 h5
40.Kd3 b5
41.c5 b4
42.Kc4 Kf5
43.Kxb4 Ke4
44.Kc4 Bc6d5
45.Kb4 Ke3
46.Ne2c3 Be5xc3
47.Kxc3 Kf3
48.b4 Kg2
49.b5 Kxh2
50.Kd4 Bd5a8
51.c6 Kxg3
52.Kc5 h4
53.b6 h3
54.b7 Ba8xb7
55.cxb7 h2
56.b8Q Kg2
57.Qb8b2 Kg1
58.Qb2c1 Kg2
59.Qc1d2 Kg1
60.Qd2e3 Kg2
61.Qe3e4 Kg1
62.Qe4g4 Kf1
63.Qg4f3 Kg1
64.Qf3g3 Kh1
65.Qg3f2 f5
66.Qf2f1 { resign }
1-0

[Event "Tourn. n8266"]
[Site "www.chess-mail.com"]
[Date "2015.07.20"]
[Round "1"]
[White "Goodwill"]
[Black "Cheminet"]
[WhiteElo "1499"]
[BlackElo "1420"]
[Result "1-0"]
[Round "1"]
1.d4 Ng8f6
2.c4 e6
3.Ng1f3 b6
4.g3 Bc8b7
5.Bf1g2 c5
6.d5 Nf6e4
7.O-O f6
8.dxe6 d5
9.cxd5 Bb7xd5
10.Nf3h4 Nb8c6
11.Nh4f5 Nc6d4
12.Nf5xd4 cxd4
13.Qd1xd4 Bf8c5
14.Qd4a4 Ke7
15.Bg2xe4 Rh8e8
16.Be4xd5 Qd8xd5
17.Qa4d7 Qd5xd7
18.exd7 Kxd7
19.Nb1c3 Ke7
20.Nc3e4 Ra8c8
21.Ne4xc5 Rc8xc5
22.Rf1d1 Kf7
23.Bc1e3 Rc5e5
24.Rd1d7 Kg8
25.Rd7xa7 h5
26.Ra1d1 Kh7
27.Rd1d7 Re8g8
28.Kg2 b5
29.h4 b4
30.Be3d4 Re5xe2
31.Bd4xf6 Kg6
32.Rd7xg7 Rg8xg7
33.Bf6xg7 b3
34.axb3 Kf5
35.Kf3 Re2d2
36.Ra7a5 Kg6
37.Ra5g5 Kf7
38.Bg7c3 Rd2d3
39.Ke4 Rd3d7
40.Rg5xh5 Rd7e7
41.Bc3e5 Ke8
42.Rh5g5 Kd7
43.Rg5g7 Re7xg7
44.Be5xg7 Ke6
45.Bg7e5 Kd7
46.h5 { resign }
1-0

[Event "Tourn. n8251"]
[Site "www.chess-mail.com"]
[Date "2015.07.20"]
[Round "1"]
[White "Hali"]
[Black "Wwgia"]
[WhiteElo "2110"]
[BlackElo "2040"]
[Result "0-1"]
[Round "1"]
1.e4 c5
2.Ng1f3 Nb8c6
3.d4 cxd4
4.Nf3xd4 g6
5.Bc1e3 Bf8g7
6.Qd1d2 Ng8f6
7.f3 O-O
8.Nb1c3 d5
9.Nd4xc6 bxc6
10.O-O-O Bc8e6
11.e5 Nf6e8
12.Be3h6 Qd8a5
13.Bh6xg7 Kxg7
14.Kb1 Ne8c7
15.h4 Ra8b8
16.h5 Qa5b4
17.b3 g5
18.Qd2xg5 Kh8
19.Qg5xe7 Qb4xe7
{ resign }
0-1

[Event "Tourn. n8199"]
[Site "www.chess-mail.com"]
[Date "2015.07.20"]
[Round "1"]
[White "Traub"]
[Black "Hdr"]
[WhiteElo "1770"]
[BlackElo "1779"]
[Result "1-0"]
[Round "1"]
1.e4 c5
2.Ng1f3 e6
3.d4 cxd4
4.Nf3xd4 Ng8f6
5.Nb1c3 d6
6.Nd4b5 a6
7.Nb5d4 b5
8.a3 Bc8b7
9.f3 Bf8e7
10.Bc1e3 Nb8d7
11.Qd1d2 Ra8c8
12.Bf1e2 { resign }
1-0

[Event "Tourn. n8141"]
[Site "www.chess-mail.com"]
[Date "2015.07.20"]
[Round "1"]
[White "Oliverio"]
[Black "Anja"]
[WhiteElo "1560"]
[BlackElo "1690"]
[Result "1-0"]
[Round "1"]
1.e4 Ng8f6
2.e5 Nf6d5
3.c4 Nd5b6
4.d4 d6
5.exd6 cxd6
6.Nb1c3 Nb8c6
7.Ng1f3 Bc8g4
8.Bf1e2 Bg4xf3
9.Be2xf3 g6
10.O-O Bf8g7
11.d5 Nc6e5
12.Bf3e2 O-O
13.b3 Ne5xc4
14.bxc4 Bg7xc3
15.Ra1b1 Ra8c8
16.Qd1b3 Bc3e5
17.Bc1e3 e6
18.Be3xb6 axb6
19.Qb3xb6 Qd8xb6
20.Rb1xb6 Rc8c7
21.Rf1b1 Rf8a8
22.Rb6xb7 Rc7xb7
23.Rb1xb7 Ra8xa2
24.Be2f1 Be5d4
25.Rb7b1 Ra2xf2
26.Kh1 e5
27.g4 f5
28.gxf5 gxf5
29.Bf1h3 e4
30.Rb1f1 Rf2xf1
31.Bh3xf1 Kf7
32.Bf1h3 Kf6
33.Kg2 f4
34.Kf1 Ke5
35.Bh3g4 f3
36.Ke1 Kf4
37.Bg4h3  { time }
1-0

[Event "Tourn. n8231"]
[Site "www.chess-mail.com"]
[Date "2015.07.20"]
[Round "1"]
[White "Bojan"]
[Black "Johnmcbride"]
[WhiteElo "1920"]
[BlackElo "1800"]
[Result "0-1"]
[Round "1"]
1.e4 e5
2.Ng1f3 d6
3.Bf1c4 c6
4.d3 b5
5.Bc4b3 h6
6.h3 a5
7.a4 b4
8.Bc1e3 Ng8f6
9.Nb1d2 Bf8e7
10.Nd2c4 Nb8d7
11.Nf3h2 O-O
12.O-O d5
13.exd5 cxd5
14.Nc4d2 d4
15.Be3xh6 gxh6
16.Qd1f3 Ra8a7
17.Nh2g4 Nf6xg4
18.Qf3xg4 Kh8
19.Qg4h5 Ra7a6
20.Bb3xf7 Ra6f6
21.Bf7g6 Kg7
22.Bg6e4 Nd7c5
23.Be4c6 Rf6xc6
24.Qh5xe5 Be7f6
25.Qe5h5 Nc5e6
26.Nd2c4 Ne6f4
27.Qh5f3 Nf4d5
28.Rf1e1 Bf6g5
29.Qf3g3 Rc6f6
30.Re1e2 Nd5f4
31.Re2e5 Rf6g6
32.Qg3h2 Nf4xg2
33.Re5xg5 Qd8xg5
34.Kf1 Ng2e3
35.Ke2 Ne3xc4
36.dxc4 Rf8e8
37.Kf1 Bc8xh3
{ resign }
0-1

[Event "Tourn. n8178"]
[Site "www.chess-mail.com"]
[Date "2015.07.20"]
[Round "1"]
[White "Julian"]
[Black "Xkafi"]
[WhiteElo "1960"]
[BlackElo "1930"]
[Result "0-1"]
[Round "1"]
1.e4 e5
2.Ng1f3 Qd8f6
3.d3 h6
4.c3 Nb8c6
5.g3 Bf8c5
6.Bf1g2 d6
7.O-O Bc8g4
8.Bc1e3 Bc5b6
9.Nb1d2 Ng8e7
10.h3 Bg4h5
11.Qd1c2 g5
12.g4 Bh5g6
13.Ra1e1 h5
14.Be3xg5 Qf6e6
15.Nf3h4 hxg4
16.hxg4 Qe6xg4
17.Nd2f3 O-O-O
18.Bg5xe7 Nc6xe7
19.Nh4xg6 Ne7xg6
20.Nf3h2 Qg4g3
21.Nh2f3 Ng6f4
{ resign }
0-1

[Event "Tourn. n8178"]
[Site "www.chess-mail.com"]
[Date "2015.07.20"]
[Round "1"]
[White "Bigoak"]
[Black "Julian"]
[WhiteElo "1940"]
[BlackElo "1960"]
[Result "1-0"]
[Round "1"]
1.e4 c5
2.Ng1f3 d6
3.d4 cxd4
4.Nf3xd4 Ng8f6
5.Nb1c3 a6
6.Bf1d3 g6
7.Bc1g5 Bf8g7
8.Qd1d2 O-O
9.f3 b5
10.Nc3e2 Bc8b7
11.Bg5h6 Nb8d7
12.g4 Nd7e5
13.Bh6xg7 Kxg7
14.Qd2f4 h6
15.h4 Ne5xd3
16.cxd3 e5
17.Qf4h2 exd4
18.Ne2xd4 d5
19.O-O-O dxe4
20.dxe4 Qd8a5
21.Kb1 Nf6xe4
22.fxe4 Bb7xe4
23.Ka1 Ra8d8
24.Qh2e5 f6
25.Qe5xe4 Rf8e8
26.Qe4b7 Kg8
27.Qb7a7 b4
28.Nd4c6 Rd8xd1
29.Rh1xd1 Qa5d5
30.Qa7d4 Qd5xc6
31.Qd4xb4 Qc6f3
32.Qb4d4 Kf7
33.a3 Re8e7
34.Qd4c4 Kg7
35.Rd1f1 Qf3e4
36.Qc4xa6 Re7f7
37.Qa6c8 Qe4e5
38.Qc8c3 Qe5e2
39.Qc3f3 Qe2e5
40.h5 Rf7a7
41.Rf1c1 gxh5
42.gxh5 Qe5g5
43.Kb1 Ra7e7
44.Rc1c2 Qg5g1
45.Ka2 Kh7
46.Qf3xf6 Qg1g8
47.Kb1 Re7e1
48.Rc2c1 Re1xc1
49.Kxc1 Qg8c4
50.Qf6c3 Qc4f4
51.Kb1 Qf4f1
52.Qc3c1 Qf1d3
53.Qc1c2 { resign }
1-0

[Event "Tourn. n8177"]
[Site "www.chess-mail.com"]
[Date "2015.07.20"]
[Round "1"]
[White "Liencam2"]
[Black "Ssharp"]
[WhiteElo "2300"]
[BlackElo "2150"]
[Result "1-0"]
[Round "1"]
1.e4 e6
2.Qd1e2 e5
3.g3 Nb8c6
4.c3 Bf8c5
5.Bf1g2 d6
6.d3 Ng8f6
7.h3 h6
8.Bc1e3 Bc5b6
9.Nb1a3 Bc8d7
10.Na3c4 Bb6xe3
11.Qe2xe3 Nc6e7
12.Ng1e2 Ne7g6
13.Nc4d2 Qd8e7
14.f4 exf4
15.Ne2xf4 Ng6xf4
16.gxf4 Bd7c6
17.O-O-O b6
18.Rh1g1 O-O-O
19.Nd2b3 Bc6b7
20.Nb3d4 g6
21.Rd1e1 Qe7e8
22.Kb1 c6
23.h4 Kc7
24.Bg2h3 Bb7c8
25.Bh3g2 Nf6d7
26.e5 d5
27.Nd4b3 Nd7f8
28.c4 dxc4
29.dxc4 Bc8f5
30.Bg2e4 Bf5xe4
31.Qe3xe4 f5
32.exf6 Qe8xe4
33.Re1xe4 Rh8h7
34.Re4e7 Rd8d7
35.Rg1e1 a5
36.c5 a4
37.cxb6 Kxb6
38.Re7xh7 Nf8xh7
39.Nb3c1 Nh7xf6
40.Re1e6 Rd7f7
41.Nc1d3 Nf6d5
42.Re6xg6 Nd5xf4
43.Nd3xf4 Rf7xf4
44.Rg6xh6 Rf4c4
45.b3 axb3
46.axb3 Rc4c5
47.Rh6h8 Kc7
48.h5 Kd7
49.h6 Kc7
50.h7 Rc5h5
51.Rh8a8 { resign }
1-0

[Event "Tourn. n8098"]
[Site "www.chess-mail.com"]
[Date "2015.07.20"]
[Round "1"]
[White "Emmanuelasi"]
[Black "Tartan"]
[WhiteElo "2340"]
[BlackElo "2350"]
[Result "0-1"]
[Round "1"]
1.e4 c5
2.d4 cxd4
3.c3 Ng8f6
4.e5 Nf6d5
5.Ng1f3 Nb8c6
6.Bf1c4 Nd5b6
7.Bc4b3 d5
8.cxd4 Bc8g4
9.Bc1e3 e6
10.Nb1c3 Bf8e7
11.O-O h6
12.h3 Bg4f5
13.Bb3c2 Bf5xc2
14.Qd1xc2 Ra8c8
15.Ra1c1 O-O
16.Qc2e2 Nb6c4
17.Be3f4 Qd8b6
18.b3 Nc6xd4
19.Nf3xd4 Qb6xd4
20.bxc4 Qd4xf4
21.cxd5 Be7a3
22.Rc1c2 Ba3b4
23.Rf1c1 Bb4xc3
24.Rc2xc3 Qf4xc1
25.Rc3xc1 Rc8xc1
26.Kh2 { time. }
0-1

[Event "Tourn. n8075"]
[Site "www.chess-mail.com"]
[Date "2015.07.20"]
[Round "1"]
[White "Francesco"]
[Black "Maredocla"]
[WhiteElo "2090"]
[BlackElo "2000"]
[Result "1-0"]
[Round "1"]
1.e4 c5
2.c3 Nb8c6
3.d4 b6
4.Ng1f3 Bc8b7
5.d5 Nc6b8
6.Bf1e2 Ng8f6
7.Nb1d2 g6
8.O-O e6
9.c4 Bf8h6
10.e5 Nf6h5
11.Nd2e4 Bh6xc1
12.Ra1xc1 O-O
13.Nf3g5 h6
14.Ng5h3 Qd8h4
15.Be2xh5 Qh4xe4
16.Rf1e1 Qe4h4
17.Bh5f3 Nb8a6
18.Re1e4 Qh4d8
19.Qd1d2 Kg7
20.a3 f5
21.exf6 Rf8xf6
22.Nh3f4 Na6c7
23.Re4e2 Qd8f8
24.Nf4h3 Kh7
25.Rc1e1 exd5
26.Re2e7 Kg8
27.Re7xd7 Rf6f7
28.Rd7xf7 Qf8xf7
29.cxd5 Bb7xd5
30.Bf3xd5 Nc7xd5
31.Qd2xh6 Ra8f8
32.f3 Qf7g7
33.Qh6xg7 Kxg7
34.Re1e5 Nd5f6
35.Re5e7 Rf8f7
36.Re7xf7 Kxf7
37.Kf2 Nf6d5
38.Ke2 Kf6
39.Kd3 b5
40.Ke4 Ke6
41.Nh3g5 Kd6
42.h4 Nd5f6
43.Kd3 a6
44.Ng5e4 Nf6xe4
45.Kxe4 Ke6
46.g4 a5
47.f4 a4
48.f5 gxf5
49.gxf5 Kf6
50.h5 Kg5
51.Kd5 Kxh5
52.Kxc5 { resign }
1-0

[Event "Tourn. n8284"]
[Site "www.chess-mail.com"]
[Date "2015.07.20"]
[Round "1"]
[White "Goodwill"]
[Black "A27l"]
[WhiteElo "1499"]
[BlackElo "1130"]
[Result "1-0"]
[Round "1"]
1.d4 d5
2.c4 c6
3.Nb1c3 e6
4.e4 dxe4
5.Nc3xe4 Ng8f6
6.Ne4xf6 Qd8xf6
7.Ng1f3 h6
8.Bf1e2 Bf8b4
9.Bc1d2 Bb4xd2
10.Qd1xd2 O-O
{ time. }
1-0

[Event "Tourn. n8226"]
[Site "www.chess-mail.com"]
[Date "2015.07.20"]
[Round "1"]
[White "Manolinex"]
[Black "Karkaskat"]
[WhiteElo "2700"]
[BlackElo "2380"]
[Result "1-0"]
[Round "1"]
1.e4 c5
2.Ng1f3 d6
3.d4 cxd4
4.Nf3xd4 Ng8f6
5.Nb1c3 g6
6.Bc1e3 Bf8g7
7.f3 O-O
8.Qd1d2 Nb8c6
9.O-O-O Nc6xd4
10.Be3xd4 Bc8e6
11.Kb1 Qd8c7
12.g4 Rf8c8
13.h4 Qc7a5
14.a3 Ra8b8
15.h5 b5
16.h6 b4
17.Nc3b5 Bg7h8
18.g5 Qa5a4
19.Rh1h2 bxa3
20.b3 Rb8xb5
21.Bf1xb5 Qa4xb5
22.gxf6 exf6
23.Bd4xa7 f5
24.Ba7d4 f6
25.Ka2 fxe4
26.fxe4 d5
27.Rh2f2 Kf7
28.Bd4xf6 Bh8xf6
29.Qd2f4 { resign }
1-0

[Event "Tourn. n8220"]
[Site "www.chess-mail.com"]
[Date "2015.07.20"]
[Round "1"]
[White "Gegonz"]
[Black "Francesco"]
[WhiteElo "1970"]
[BlackElo "2080"]
[Result "0-1"]
[Round "1"]
1.Ng1f3 Ng8f6
2.b3 d5
3.Bc1b2 Bc8g4
4.e3 Nb8d7
5.c4 e6
6.Bf1e2 Bf8d6
7.O-O { time. }
0-1

[Event "Tourn. n8282"]
[Site "www.chess-mail.com"]
[Date "2015.07.20"]
[Round "1"]
[White "Bojan"]
[Black "Picifarkinca"]
[WhiteElo "1890"]
[BlackElo "1820"]
[Result "0-1"]
[Round "1"]
1.e4 c6
2.d4 d5
3.exd5 cxd5
4.c4 e6
5.c5 Ng8f6
6.Nb1c3 Nb8c6
7.Ng1f3 Qd8c7
8.a3 e5
9.dxe5 Nc6xe5
10.Bc1f4 Ne5xf3
11.Qd1xf3 Qc7xc5
12.Bf1d3 Bc8e6
13.O-O a6
14.Ra1c1 Bf8e7
15.Bf4e5 Nf6g4
16.Bd3f5 Ng4xe5
17.Qf3f4 Ne5g6
18.Bf5xg6 hxg6
19.Rf1e1 Be7d6
20.Qf4a4 Kf8
21.Nc3e2 Qc5a7
22.Ne2d4 b5
23.Qa4b3 Qa7xd4
24.Rc1c6 Bd6xh2
25.Kf1 Bh2e5
26.Kg1 Qd4xb2
27.Qb3f3 Be5h2
28.Kf1 Qb2f6
29.Qf3d3 d4
30.Qd3c2 Be6c4
31.Rc6xc4 bxc4
32.Qc2xc4 Bh2e5
33.Qc4d5 Rh8h1
34.Ke2 Rh1xe1
35.Kxe1 Ra8d8
36.Qd5a5 d3
37.g3 Be5c3
{ resign }
0-1

[Event "Tourn. n8291"]
[Site "www.chess-mail.com"]
[Date "2015.07.20"]
[Round "1"]
[White "Cccp"]
[Black "Gatrooper"]
[WhiteElo "1150"]
[BlackElo "1200"]
[Result "0-1"]
[Round "1"]
1.e4 e5
2.Ng1f3 Nb8c6
3.Bf1c4 d6
4.c3 Bc8e6
5.Bc4xe6 fxe6
6.d4 exd4
7.cxd4 h6
8.Nb1c3 a6
 { time }
0-1

[Event "Tourn. n8189"]
[Site "www.chess-mail.com"]
[Date "2015.07.20"]
[Round "1"]
[White "Derfel83"]
[Black "Colchester"]
[WhiteElo "1800"]
[BlackElo "1970"]
[Result "1-0"]
[Round "1"]
1.e4 c5
2.Nb1c3 a6
3.a4 Nb8c6
4.f4 d6
5.Bf1c4 Ng8f6
6.d3 g6
7.Ng1f3 Bf8g7
8.O-O O-O
9.Qd1e1 Nc6b4
10.Bc4b3 Bc8d7
11.Qe1e2 Bd7g4
12.Bc1d2 e6
13.Qe2e1 Bg4xf3
14.Rf1xf3 Qd8c7
15.e5 dxe5
16.Nc3e4 Nf6xe4
17.Qe1xe4 a5
18.Bd2c3 exf4
19.Rf3xf4 Bg7xc3
20.bxc3 Nb4c6
21.Bb3xe6 fxe6
{ time. }
1-0

[Event "Tourn. n8282"]
[Site "www.chess-mail.com"]
[Date "2015.07.20"]
[Round "1"]
[White "Attatroll"]
[Black "Bojan"]
[WhiteElo "1870"]
[BlackElo "1890"]
[Result "0-1"]
[Round "1"]
1.d4 g6
2.c4 Ng8f6
3.Nb1c3 c6
4.e4 h6
5.f4 Bf8g7
6.Ng1f3 d6
7.Bf1d3 e6
8.O-O Nb8d7
9.h3 Nf6h5
10.Qd1e1 f5
11.e5 dxe5
12.dxe5 Bg7f8
13.g4 Nh5g7
14.g5 Nd7c5
15.Bd3c2 hxg5
16.Nf3xg5 a6
17.Bc1e3 b5
18.cxb5 cxb5
19.Ra1d1 Qd8c7
20.Qe1d2 Bc8b7
21.b4 Nc5d7
22.Bc2b3 Qc7c6
23.Nc3b1 Ra8d8
24.Nb1a3 Bf8e7
25.Na3c2 Nd7xe5
26.Nc2d4 Qc6h1
27.Kf2 Qh1g2
28.Ke1 Qg2xd2
29.Rd1xd2 Be7xg5
30.fxg5 Ne5c4
31.Rd2e2 Nc4xe3
32.Re2xe3 Rd8xd4
33.Bb3xe6 Ng7xe6
34.Re3xe6 Kf7
35.Re6f6 Kg7
36.Ke2 Rh8h5
37.Rf1c1 Rd4d7
38.Rf6b6 Rh5xg5
39.Rc1c5 Rg5g2
40.Kf1 Rg2xa2
41.Ke1 Bb7f3
42.Rc5e5 Rd7d1

0-1

[Event "Tourn. n8291"]
[Site "www.chess-mail.com"]
[Date "2015.07.20"]
[Round "1"]
[White "Culiflori"]
[Black "A27l"]
[WhiteElo "999"]
[BlackElo "1130"]
[Result "1-0"]
[Round "1"]
1.e4 e5
2.Ng1f3 d6
3.d4 Bf8e7
4.dxe5 dxe5
5.Qd1xd8 Be7xd8
6.Nf3xe5 Bc8e6
7.Nb1c3 c6
8.Bc1f4 Ng8f6
9.O-O-O O-O
10.f3 Bd8e7
11.Bf1c4 Be6xc4
{ time. }
1-0

[Event "Tourn. n8291"]
[Site "www.chess-mail.com"]
[Date "2015.07.20"]
[Round "1"]
[White "Cccp"]
[Black "Culiflori"]
[WhiteElo "1150"]
[BlackElo "999"]
[Result "0-1"]
[Round "1"]
1.e4 e5
2.Ng1f3 Nb8c6
3.Bf1c4 Bf8c5
4.d3 Ng8f6
5.O-O d6
6.a4 O-O
7.c3 Bc8g4
8.h3 Bg4h5
9.g4 Bh5g6
10.Nf3h4 Kh8
11.Nh4xg6 fxg6
 { time }
0-1

[Event "Tourn. n8291"]
[Site "www.chess-mail.com"]
[Date "2015.07.20"]
[Round "1"]
[White "Gatrooper"]
[Black "Culiflori"]
[WhiteElo "1200"]
[BlackElo "999"]
[Result "0-1"]
[Round "1"]
1.e4 e5
2.a3 Ng8f6
3.Nb1c3 Nb8c6
4.Ng1f3 Bf8c5
5.d3 d6
6.Bc1g5 Bc8e6
7.Bg5xf6 Qd8xf6
8.Nc3b5 Qf6d8
9.h3 a6
10.Nb5c3 O-O
11.h4 f5
12.exf5 Be6xf5
13.Nc3d5 Bf5g4
14.Bf1e2 Bg4xf3
15.Be2xf3 Nc6d4
16.h5 Nd4xf3
17.gxf3 c6
18.Nd5c3 Qd8f6
19.Nc3e4 Qf6xf3
20.Qd1xf3 Rf8xf3
21.h6 Bc5b6
22.O-O-O d5
23.Rh1g1 dxe4
24.Rg1xg7 Kh8
25.dxe4 Rf3xf2
26.b3 Bb6e3
27.Kb1 Be3xh6
28.Rg7e7 Bh6f4
29.Rd1d7 Rf2h2
30.Rd7xb7 Bf4e3
31.Re7xe5 Rh2h1
32.Ka2 Be3d4
33.Re5e7 Rh1a1
{ resign }
0-1

[Event "Tourn. n8274"]
[Site "www.chess-mail.com"]
[Date "2015.07.20"]
[Round "1"]
[White "Sinergia"]
[Black "Bojan"]
[WhiteElo "1880"]
[BlackElo "1890"]
[Result "0-1"]
[Round "1"]
1.d4 g6
2.e4 Bf8g7
3.Ng1f3 d5
4.e5 a6
5.c4 f6
6.Bc1f4 Bc8d7
7.cxd5 e6
8.Qd1b3 b5
9.dxe6 Bd7c6
10.Nb1c3 Bc6xf3
11.gxf3 Ng8e7
12.O-O-O c6
13.h4 Ne7f5
14.Qb3b4 Bg7f8
15.Qb4b3 Bf8e7
16.Nc3e4 Nf5g7
17.exf6 Be7xf6
18.Ne4d6 Kf8
19.e7 Qd8xe7
20.Bf1h3 Ra8a7
21.Rh1e1 Qe7c7
22.Bf4g3 c5
23.Kb1 Nb8c6
24.Qb3d5 Nc6xd4
25.Nd6xb5 Qc7f7
26.Qd5xc5 Ra7e7
 { time }
0-1

[Event "Tourn. n8274"]
[Site "www.chess-mail.com"]
[Date "2015.07.20"]
[Round "1"]
[White "Bojan"]
[Black "Guidom"]
[WhiteElo "1890"]
[BlackElo "2070"]
[Result "0-1"]
[Round "1"]
1.e4 e5
2.Ng1f3 Nb8c6
3.Nb1c3 d6
4.h3 Bc8e6
5.d4 exd4
6.Nf3xd4 Nc6xd4
7.Qd1xd4 Qd8f6
8.Bc1e3 Bf8e7
9.Nc3d5 Be6xd5
10.exd5 Qf6xd4
11.Be3xd4 Be7f6
12.Bf1b5 Kd8
13.O-O-O Bf6xd4
14.Rd1xd4 Ng8f6
15.Rh1e1 a6
16.Bb5a4 b5
17.Ba4b3 Rh8e8
18.Re1xe8 Kxe8
19.Rd4d3 Kd7
20.f3 Ra8e8
21.Kd2 Nf6h5
22.Rd3e3 Nh5f4
23.g3 Nf4xh3
24.Re3xe8 Kxe8
25.f4 Nh3f2
26.c4 Nf2e4
27.Ke3 Ne4xg3
28.cxb5 axb5
29.Bb3c2 g6
30.a3 Kd7
31.Bc2d3 c6
32.dxc6 Kxc6
33.b4 d5
34.Kf3 Ng3h5
35.Kg4 h6
36.f5 Nh5f6
37.Kf4 g5
38.Ke5 Nf6d7
39.Kd4 f6
40.Bd3f1 Nd7b6
41.Bf1g2 Kd6
42.Bg2f3 Nb6c4
43.Bf3xd5 Nc4xa3
44.Bd5b3 h5
45.Ke4 h4
{ resign }
0-1

[Event "Tourn. n8274"]
[Site "www.chess-mail.com"]
[Date "2015.07.20"]
[Round "1"]
[White "Bojan"]
[Black "Goga"]
[WhiteElo "1890"]
[BlackElo "2010"]
[Result "0-1"]
[Round "1"]
1.e4 e6
2.d4 d5
3.exd5 exd5
4.c4 c6
5.a3 g6
6.Bc1e3 Bf8g7
7.b4 b6
8.Qd1e2 Bc8e6
9.cxd5 cxd5
10.Nb1c3 Ng8e7
11.Qe2f3 Nb8c6
12.Qf3d1 O-O
13.Ng1e2 Ne7f5
14.b5 Nc6e7
15.Ne2f4 Nf5xe3
16.fxe3 Ne7f5
17.Qd1d3 Qd8h4
18.Kd1 Rf8d8
19.Bf1e2 Qh4f2
20.Kd2 Nf5xd4
21.Ra1f1 Qf2h4
22.g3 Nd4b3
23.Kc2 Qh4e7
24.Nc3xd5 Qe7xa3
25.Rf1b1 Qa3a2
26.Kd1 Nb3c5
27.Kc1 Nc5xd3
28.Be2xd3 Be6xd5
{ resign }
0-1

[Event "Tourn. n8266"]
[Site "www.chess-mail.com"]
[Date "2015.07.20"]
[Round "1"]
[White "Cheminet"]
[Black "Culiflori"]
[WhiteElo "1420"]
[BlackElo "999"]
[Result "1-0"]
[Round "1"]
1.d4 Ng8f6
2.c4 e6
3.Bc1d2 Bf8e7
4.Nb1c3 O-O
5.e4 d6
6.g3 Nb8d7
7.Bf1g2 c5
8.Bd2e3 Qd8c7
9.Ng1e2 Ra8b8
10.Nc3b5 Qc7b6
11.O-O a6
12.Nb5xd6 Be7xd6
13.e5 Nf6g4
14.exd6 Ng4xe3
15.fxe3 Qb6xd6
16.Ne2f4 Nd7f6
17.Nf4h5 Nf6xh5
18.Qd1xh5 cxd4
19.c5 Qd6d8
20.Ra1d1 Qd8a5
21.Rd1xd4 Qa5xa2
22.Qh5xf7 { resign }
1-0

[Event "Tourn. n8094"]
[Site "www.chess-mail.com"]
[Date "2015.07.20"]
[Round "1"]
[White "Woodpusher2"]
[Black "E4player"]
[WhiteElo "2540"]
[BlackElo "2470"]
[Result "1-0"]
[Round "1"]
1.d4 Ng8f6
2.c4 e5
3.dxe5 Nf6g4
4.e4 Ng4xe5
5.f4 Ne5c6
6.Bc1e3 Nb8a6
7.a3 Bf8c5
8.Qd1d2 Bc5xe3
9.Qd2xe3 O-O
10.Ng1f3 d6
11.b4 Qd8f6
12.Nb1c3 Bc8g4
13.Ra1d1 Bg4xf3
14.gxf3 Nc6e7
15.h4 c6
16.Kf2 Ra8d8
17.h5 Na6c7
18.Nc3e2 Ne7c8
19.Qe3d4 Qf6xd4
20.Ne2xd4 c5
21.Nd4c2 f5
22.Kg3 b6
23.Bf1h3 g6
24.Rh1e1 Nc8e7
25.Nc2e3 Kg7
26.hxg6 hxg6
27.bxc5 dxc5
28.exf5 gxf5
29.Rd1xd8 Rf8xd8
30.Ne3xf5 Ne7xf5
31.Bh3xf5 Kf6
32.Bf5g4 Rd8d4
33.Re1e4 Rd4d2
34.a4 Rd2c2
35.Bg4c8 Rc2c1
36.f5 Rc1g1
37.Kf2 Rg1g8
38.Bc8b7 Rg8g7
39.Re4g4 Nc7e8
40.Bb7e4 Ne8d6
41.Be4d3 Rg7d7
42.Rg4g6 Kf7
43.Ke3 Nd6e8
44.Rg6h6 Ne8f6
45.Rh6h8 Nf6g8
46.a5 Kg7
47.Rh8h2 Rd7d6
48.axb6 axb6
49.Bd3e4 Ng8f6
50.Kf4 Rd6d4
51.Rh2a2 Kf7
52.Ra2a7 Rd4d7
53.Ra7xd7 Nf6xd7
54.Be4c6 Nd7f6
55.Ke5 Ke7
56.Bc6a4 Nf6h7
57.Ba4c2 Nh7f6
58.Bc2e4 Nf6e8
59.Be4d5 Ne8f6
60.Bd5e6 Nf6h7
61.Kd5 Nh7g5
62.f4 Ng5h7
63.Kc6 Nh7f6
64.Kxb6 Kd6
65.Be6f7 Ke7
66.Bf7g6 Kd6
67.Kb5 Nf6g4
68.Bg6h5 Ng4f6
69.Bh5f3 Nf6d7
70.Ka5 Kc7
71.Ka6 Nd7f6
72.Kb5 Kd6
73.Kb6 Nf6h7
74.Kb7 Kd7
75.Bf3d5 Nh7f6
76.Bd5e6 Kd6
77.Kc8 Nf6h5
78.Be6d5 Ke7
79.Kc7 Kf6
80.Bd5e4 Ke7
81.Kc6 Nh5f6
82.Be4d3 Nf6d7
83.Bd3e2  { time }
1-0

[Event "Tourn. n8264"]
[Site "www.chess-mail.com"]
[Date "2015.07.20"]
[Round "1"]
[White "Nimzo"]
[Black "Levelibeka"]
[WhiteElo "2720"]
[BlackElo "2570"]
[Result "1-0"]
[Round "1"]
1.d4 Ng8f6
2.c4 e6
3.g3 d5
4.Ng1f3 Bf8b4
5.Bc1d2 Bb4e7
6.Bf1g2 O-O
7.O-O c6
8.Qd1c2 Nb8d7
9.Bd2f4 b6
10.Rf1d1 Bc8b7
11.Nf3e5 Nd7xe5
12.dxe5 Nf6h5
13.Bf4c1 g6
14.Bc1h6  { time }
1-0

[Event "Tourn. n8264"]
[Site "www.chess-mail.com"]
[Date "2015.07.20"]
[Round "1"]
[White "Jpmartinez"]
[Black "Levelibeka"]
[WhiteElo "2590"]
[BlackElo "2570"]
[Result "1-0"]
[Round "1"]
1.e4 c5
2.f4 e6
3.Ng1f3 d5
4.exd5 exd5
5.Bf1b5 Nb8c6
6.Qd1e2 Bf8e7
7.O-O Ng8h6
8.Rf1e1 Nh6f5
9.Bb5xc6 bxc6
10.d3 O-O
11.Qe2f2 Rf8e8
12.b3 Be7d6
13.Re1xe8 Qd8xe8
14.Nb1c3 Nf5d4
15.Nf3xd4 cxd4
16.Nc3e2 c5
17.Bc1d2  { time }
1-0